|
|
|
|
| LEADER |
01751nam a2200421 a 4500 |
| 001 |
000665815 |
| 003 |
CZ BrMZK |
| 005 |
20170417152402.0 |
| 007 |
ta |
| 008 |
030410s2003 xr a e p 000 0 cze d |
| 015 |
|
|
|a cnb001245941
|
| 020 |
|
|
|a 80-245-0503-7
|q (brož.)
|
| 035 |
|
|
|a (OCoLC)53270816
|
| 040 |
|
|
|a BOA001
|b cze
|
| 072 |
|
7 |
|a 004.4/.6
|x Programování. Software
|2 Konspekt
|9 23
|
| 072 |
|
7 |
|a 37.016
|x Učební osnovy. Vyučovací předměty. Učebnice
|2 Konspekt
|9 22
|
| 080 |
|
|
|a 004.42Word
|2 MRF
|
| 080 |
|
|
|a 004.912
|2 MRF
|
| 080 |
|
|
|a (075.8)
|2 MRF
|
| 100 |
1 |
|
|a Kubálek, Tomáš,
|d 1963-
|7 jo2002103223
|4 aut
|
| 245 |
1 |
0 |
|a MS Office XP :
|b manažerská informatika : textový procesor - Microsoft word - verze 2002 CZ
|
| 250 |
|
|
|a 1. vyd.
|
| 260 |
|
|
|a Praha :
|b Oeconomica,
|c 2003
|
| 300 |
|
|
|a 169 s. :
|b il ;
|c 29 cm
|
| 500 |
|
|
|a Nad názvem: Vysoká škola ekonomická v Praze, Fakulta podnikohospodářská
|
| 500 |
|
|
|a 150 výt.
|
| 504 |
|
|
|a Obsahuje rejstřík
|
| 521 |
|
|
|a Určeno pro studium na VŠE Praha
|
| 650 |
0 |
7 |
|a Microsoft Word 2002
|7 ph137699
|2 czenas
|
| 650 |
0 |
7 |
|a textové procesory
|7 ph116449
|2 czenas
|
| 655 |
|
7 |
|a učebnice vysokých škol
|7 fd133772
|2 czenas
|
| 700 |
1 |
|
|a Topolová, Ivana
|7 mzk2003171628
|4 aut
|
| 710 |
2 |
|
|a Vysoká škola ekonomická v Praze.
|b Podnikohospodářská fakulta
|7 kn20010709402
|
| 856 |
4 |
1 |
|u http://www.digitalniknihovna.cz/mzk/uuid/uuid:29a7d220-a8b4-11e2-b6da-005056827e52
|y Digitalizovaný dokument
|x NDK
|
| 910 |
|
|
|a BOA001
|b 3-1116.609
|
| 990 |
|
|
|a BK
|
| 996 |
6 |
|
|b 2610186171
|c 3-1116.609
|l MZK
|r Sklad / do 1 hodiny
|n 0
|p p.v.
|w 000665815
|u 000010
|a 1
|e BOA001
|j MZK50
|s P
|
| 996 |
7 |
|
|b 2610189175
|c 3-1116.609
|l MZK
|r Sklad / do 1 hodiny
|n 6
|p kup
|w 000665815
|u 000020
|a 1
|e BOA001
|j MZK50
|s A
|